Bright ideas : A teacher's resource manual

Guardado en:
Detalles Bibliográficos
Formato: Libro
Lenguaje:Undetermined
Publicado: Washington, D.C. United States Department of State 2005
Materias:
Etiquetas: Agregar Etiqueta
Sin Etiquetas, Sea el primero en etiquetar este registro!
Thư viện lưu trữ: Trung tâm Học liệu Trường Đại học Cần Thơ
LEADER 00570nam a2200193Ia 4500
001 CTU_125675
008 210402s9999 xx 000 0 und d
082 |a 428.24 
082 |b M262 
245 0 |a Bright ideas : 
245 2 |b A teacher's resource manual 
245 0 |c Compiled by Anna Maria Malkoç and Ruth G. Montalván 
260 |a Washington, D.C. 
260 |b United States Department of State 
260 |c 2005 
650 |a English language 
650 |x Study and teaching 
904 |i Minh 
980 |a Trung tâm Học liệu Trường Đại học Cần Thơ